[Event "Taujenai-ch rapid"]
[Site "Taujenai"]
[Date "2023.10.29"]
[Round "9"]
[White "Gurevicius, Arunas"]
[Black "Paulauskas, Andrius"]
[Result "0-1"]
[WhiteElo "1604"]
[BlackElo "2035"]
[PlyCount "83"]
[EventDate "2023.10.28"]
[EventType "swiss (rapid)"]
[EventRounds "10"]
[EventCountry "LTU"]
[SourceTitle "Mega2024 Update 01"]
[Source "Chessbase"]
[SourceDate "2023.11.12"]
[SourceVersion "1"]
[SourceVersionDate "2023.11.12"]
[SourceQuality "1"]

1. Nf3 d6 2. d4 g6 3. c4 Bg7 4. Nc3 Nd7 5. g3 b6 6. Bg2 Bb7 7. 0-0 e6 8. b3 Ne7 9. Bb2 0-0 10. Qc2 h6 11. e4 e5 12. Nd5 c6 13. Ne3 Qc7 14. Rad1 Rad8 15. Rd2 exd4 16. Nxd4 Nc5 17. b4 Ne6 18. Nxe6 fxe6 19. Bxg7 Kxg7 20. Qc3+ Kh7 21. Rfd1 c5 22. b5 e5 23. Nd5 Nxd5 24. exd5 Bc8 25. Be4 Bh3 26. Qd3 Rf6 27. f3 h5 28. Qe3 Rdf8 29. Rf2 Qf7 30. Rdd2 Kg7 31. a4 h4 32. g4 Rf4 33. Rde2 Qf6 34. Rd2 Qg5 35. Rde2 Kh6 36. Re1 Kg7 37. Qe2 R8f6 38. Qc2 Qh6 39. Qe2 Bxg4 40. Rg2 Rxe4 41. Qxe4 Bxf3 42. Qc2 0-1

[Event "Taujenai-ch rapid"]
[Site "Taujenai"]
[Date "2023.10.29"]
[Round "7"]
[White "Paulauskas, Andrius"]
[Black "Cicinadze, Kristijonas"]
[Result "1-0"]
[WhiteElo "2035"]
[BlackElo "1746"]
[PlyCount "34"]
[EventDate "2023.10.28"]
[EventType "swiss (rapid)"]
[EventRounds "10"]
[EventCountry "LTU"]
[SourceTitle "Mega2024 Update 01"]
[Source "Chessbase"]
[SourceDate "2023.11.12"]
[SourceVersion "1"]
[SourceVersionDate "2023.11.12"]
[SourceQuality "1"]

1. d4 d5 2. Nf3 Nf6 3. c4 c6 4. Nc3 e6 5. e3 Bd6 6. c5 Bc7 7. b4 Nbd7 8. Bb2 e5 9. dxe5 Nxe5 10. Nxe5 Bxe5 11. Na4 Bxb2 12. Nxb2 0-0 13. Qd4 Bf5 14. Bd3 Ne4 15. f3 Qg5 16. fxe4 Qg4 17. g3 Qxg3+ 1-0

[Event "Taujenai-ch rapid"]
[Site "Taujenai"]
[Date "2023.10.29"]
[Round "10"]
[White "Paulauskas, Andrius"]
[Black "Povilaitis, Matas Arunas"]
[Result "1/2-1/2"]
[WhiteElo "2035"]
[BlackElo "1873"]
[PlyCount "132"]
[EventDate "2023.10.28"]
[EventType "swiss (rapid)"]
[EventRounds "10"]
[EventCountry "LTU"]
[SourceTitle "Mega2024 Update 01"]
[Source "Chessbase"]
[SourceDate "2023.11.12"]
[SourceVersion "1"]
[SourceVersionDate "2023.11.12"]
[SourceQuality "1"]

1. d4 d5 2. c4 e6 3. Nc3 Nf6 4. Bg5 Be7 5. cxd5 exd5 6. e3 c6 7. Bd3 Nbd7 8. Nf3 0-0 9. 0-0 Ne4 10. Bxe4 Bxg5 11. Nxg5 Qxg5 12. Bd3 Nb6 13. f4 Qe7 14. Qf3 f5 15. a3 Bd7 16. Rac1 Rae8 17. Rfe1 Qf6 18. b4 Qd6 19. Nd1 Ra8 20. Rc5 Na4 21. Ra5 b5 22. Qf2 Rfe8 23. Qc2 g6 24. Nb2 Nb6 25. Qc5 Qxc5 26. bxc5 Nc4 27. Bxc4 bxc4 28. Na4 Reb8 29. Kf2 Kf7 30. Re2 Ke8 31. Rb2 Rxb2+ 32. Nxb2 Rb8 33. Nd1 Rb7 34. Ke2 Kd8 35. Kd2 Kc8 36. Kc2 Kb8 37. Ra4 Kc7 38. Nc3 Be8 39. Rb4 Bd7 40. h4 h5 41. Ne2 Be8 42. Ng1 Rxb4 43. axb4 Kb7 44. Kb2 a5 45. Ka3 axb4+ 46. Kxb4 Ka6 47. Nf3 Kb7 48. Ka5 Ka7 49. Ne5 Kb7 50. Kb4 Kc7 51. Nf3 Kb7 52. Ng5 Kc7 53. Ka4 Kd7 54. Nh7 Kc7 55. Nf6 Bf7 56. Kb4 Kb7 57. Nh7 Be8 58. Ng5 Ka6 59. Nf3 Kb7 60. Ka5 Kc7 61. Ka6 Bd7 62. Ka7 Be8 63. Ne1 Bd7 64. Nc2 Be6 65. Nb4 Bc8 66. g3 Bb7 1/2-1/2

[Event "LTU-ch Rapid"]
[Site "Taujenai"]
[Date "2022.12.04"]
[Round "6"]
[White "Paulauskas, Andrius"]
[Black "Ivanauskas, Raimundas"]
[Result "1/2-1/2"]
[WhiteElo "1958"]
[BlackElo "1647"]
[PlyCount "97"]
[EventDate "2022.12.03"]
[EventType "swiss (rapid)"]
[EventRounds "10"]
[EventCountry "LTU"]
[SourceTitle "CBM 211 Extra"]
[Source "ChessBase"]
[SourceDate "2023.01.31"]
[SourceVersion "1"]
[SourceVersionDate "2023.01.31"]
[SourceQuality "1"]

1. e4 c6 2. c4 d5 3. cxd5 cxd5 4. exd5 Nf6 5. Bb5+ Nbd7 6. Nc3 a6 7. Bxd7+ Qxd7 8. Qb3 b5 9. a4 Bb7 10. axb5 axb5 11. Rxa8+ Bxa8 12. Qxb5 Qxb5 13. Nxb5 Nxd5 14. Nf3 e6 15. 0-0 Be7 16. d4 0-0 17. Nc3 Rb8 18. Ne5 Rb3 19. Nb1 Bf6 20. Nd2 Rb4 21. Ndf3 h6 22. Nd3 Rb5 23. Rd1 Nb4 24. Nde5 Bxf3 25. Nxf3 Na2 26. g4 Nxc1 27. Rxc1 Rxb2 28. Rc8+ Kh7 29. Rc7 Kg8 30. h4 Rb5 31. Kg2 Rd5 32. Rc4 g6 33. Kg3 Kf8 34. Kg2 Ke7 35. Kf1 Kd7 36. Ke2 Ra5 37. Kd3 Ra3+ 38. Rc3 Rxc3+ 39. Kxc3 Kd6 40. Kd3 Kd5 41. Ke3 Bg7 42. h5 gxh5 43. gxh5 Bf6 44. Kd3 Bg7 45. Ke3 Bf6 46. Kd3 Bg7 47. Ke3 Bf6 48. Kd3 Bg7 49. Ng1 1/2-1/2

[Event "LTU-chT"]
[Site "Lithuania"]
[Date "2021.05.08"]
[Round "2.2"]
[White "Morkunas, Gustas"]
[Black "Paulauskas, Andrius"]
[Result "1/2-1/2"]
[WhiteElo "1722"]
[BlackElo "1906"]
[PlyCount "57"]
[EventDate "2021.05.07"]
[EventType "team-swiss"]
[EventRounds "7"]
[EventCountry "LTU"]
[SourceTitle "CBM 202 Extra"]
[Source "ChessBase"]
[SourceDate "2021.07.31"]
[SourceVersion "1"]
[SourceVersionDate "2021.07.31"]
[SourceQuality "1"]
[WhiteTeam "Kaunas Margiris"]
[BlackTeam "Vilnius BTT Cloud"]
[WhiteTeamCountry "LTU"]
[BlackTeamCountry "LTU"]

1. e4 e6 2. d4 d5 3. Nc3 Nf6 4. e5 Nfd7 5. f4 c5 6. Nf3 Nc6 7. Be3 Qb6 8. Na4 Qa5+ 9. c3 cxd4 10. b4 Nxb4 11. cxb4 Bxb4+ 12. Bd2 Bxd2+ 13. Nxd2 b6 14. Bd3 Nc5 15. Nxc5 bxc5 16. 0-0 Bd7 17. Rc1 Rc8 18. Rf2 Qd8 19. Qg4 g6 20. Nf3 c4 21. Bf1 d3 22. Qg3 Qb6 23. Qg5 h6 24. Qf6 Rg8 25. f5 gxf5 26. Qxh6 Qc5 27. Bxd3 Qf8 28. Qxf8+ Kxf8 29. Be2 1/2-1/2

[Event "LTU-ch Amateurs"]
[Site "Kaunas"]
[Date "2020.08.29"]
[Round "4"]
[White "Paulauskas, Andrius"]
[Black "Vaiciunas, Giedrius"]
[Result "1-0"]
[WhiteElo "1916"]
[BlackElo "1436"]
[PlyCount "49"]
[EventDate "2020.08.27"]
[EventType "swiss"]
[EventRounds "7"]
[EventCountry "LTU"]
[SourceTitle "EXT 2022"]
[Source "ChessBase"]
[SourceDate "2021.10.06"]
[SourceVersion "1"]
[SourceVersionDate "2021.10.06"]
[SourceQuality "1"]

1. d4 e6 2. Nf3 c5 3. e3 Nf6 4. Be2 d5 5. 0-0 Bd6 6. b3 0-0 7. Bb2 Nbd7 8. Ne5 Ne8 9. f4 f6 10. Nf3 b6 11. c4 Nc7 12. Qd2 Bb7 13. Nc3 Qe7 14. Rae1 Rad8 15. f5 Rfe8 16. fxe6 Qxe6 17. Bd3 dxc4 18. Bxc4 Bd5 19. Nxd5 Nxd5 20. e4 Bf4 21. Qd3 Nf8 22. Bxd5 Rxd5 23. exd5 Qd7 24. Rxe8 Qxe8 25. Re1 1-0

[Event "Klaipeda Sea op-A 17th"]
[Site "Klaipeda"]
[Date "2020.07.26"]
[Round "7"]
[White "Paulauskas, Andrius"]
[Black "Kaunas, Kestutis"]
[Result "1/2-1/2"]
[WhiteElo "1904"]
[BlackElo "2178"]
[PlyCount "95"]
[EventDate "2020.07.20"]
[EventType "swiss"]
[EventRounds "7"]
[EventCountry "LTU"]
[SourceTitle "CBM 197 Extra"]
[Source "ChessBase"]
[SourceDate "2020.09.30"]
[SourceVersion "1"]
[SourceVersionDate "2020.09.30"]
[SourceQuality "1"]

1. d4 Nf6 2. Nf3 e6 3. e3 b6 4. Bd3 Bb7 5. Nbd2 c5 6. 0-0 Be7 7. c3 0-0 8. Qe2 Nc6 9. Rd1 Qc7 10. e4 cxd4 11. cxd4 Nb4 12. e5 Nfd5 13. Nf1 Nxd3 14. Qxd3 Rac8 15. a3 Qc2 16. Qxc2 Rxc2 17. Ne1 Rc7 18. Bd2 Rc4 19. Be3 Rfc8 20. f3 f6 21. f4 g5 22. g3 Kf7 23. Kf2 gxf4 24. Bxf4 d6 25. exd6 Bf8 26. d7 Rd8 27. Ne3 Nxe3 28. Kxe3 Rxd7 29. Rac1 Rxc1 30. Rxc1 h5 31. Rc7 Rxc7 32. Bxc7 Kg6 33. Nd3 Kf5 34. h3 Bh6+ 35. Bf4 Bg7 36. Bb8 a6 37. Nf2 Bh6+ 38. Ke2 e5 39. g4+ hxg4 40. hxg4+ Ke6 41. dxe5 fxe5 42. Kd3 Bc1 43. b4 Bxa3 44. Kc3 a5 45. bxa5 bxa5 46. Kb3 Be7 47. Bc7 e4 48. Nxe4 1/2-1/2

[Event "Klaipeda Sea op-A 17th"]
[Site "Klaipeda"]
[Date "2020.07.20"]
[Round "1"]
[White "Scekaciov, Rostislav"]
[Black "Paulauskas, Andrius"]
[Result "1/2-1/2"]
[WhiteElo "1458"]
[BlackElo "1904"]
[PlyCount "60"]
[EventDate "2020.07.20"]
[EventType "swiss"]
[EventRounds "7"]
[EventCountry "LTU"]
[SourceTitle "CBM 197 Extra"]
[Source "ChessBase"]
[SourceDate "2020.09.30"]
[SourceVersion "1"]
[SourceVersionDate "2020.09.30"]
[SourceQuality "1"]

1. Nf3 Nf6 2. g3 d5 3. Bg2 e6 4. d4 Be7 5. 0-0 0-0 6. c3 b6 7. Bf4 c5 8. Nbd2 Nc6 9. Re1 Bb7 10. Ne5 cxd4 11. Nxc6 Bxc6 12. cxd4 Qd7 13. Nf3 Bb4 14. Ne5 Qb7 15. Bd2 Bd6 16. Nxc6 Qxc6 17. Qb3 Rfc8 18. Rac1 Qd7 19. Bb4 a5 20. Bxd6 Qxd6 21. a3 h5 22. Rc3 Rxc3 23. Qxc3 Ne4 24. Bxe4 dxe4 25. Rc1 Rd8 26. e3 h4 27. Qc6 hxg3 28. hxg3 f5 29. Qb7 Qb8 30. Qa6 Qd6 1/2-1/2

[Event "Plunge op 40th"]
[Site "Plateliai"]
[Date "2020.07.19"]
[Round "9"]
[White "Stremavicius, Pijus"]
[Black "Paulauskas, Andrius"]
[Result "1-0"]
[WhiteElo "2163"]
[BlackElo "1904"]
[PlyCount "87"]
[EventDate "2020.07.13"]
[EventType "swiss"]
[EventRounds "9"]
[EventCountry "LTU"]
[SourceTitle "CBM 197 Extra"]
[Source "ChessBase"]
[SourceDate "2020.09.30"]
[SourceVersion "1"]
[SourceVersionDate "2020.09.30"]
[SourceQuality "1"]

1. Nf3 d5 2. c4 d4 3. e3 Nc6 4. d3 g6 5. exd4 Nxd4 6. Nxd4 Qxd4 7. Nc3 c6 8. Be3 Qd8 9. Qd2 Bg7 10. d4 Bf5 11. Be2 h5 12. 0-0 Nf6 13. Rad1 0-0 14. Rfe1 Re8 15. h3 Qa5 16. Bf3 Rad8 17. Bf4 Qb4 18. b3 Nh7 19. Qe3 e5 20. dxe5 Rxd1 21. Rxd1 f6 22. Ne4 fxe5 23. Bh6 Bxh6 24. Qxh6 Qf8 25. Qe3 b6 26. Nd6 Re6 27. Nxf5 Qxf5 28. Rd8+ Nf8 29. Ra8 e4 30. Be2 Re7 31. c5 b5 32. a4 a6 33. Rxa6 bxa4 34. bxa4 Kh7 35. Rxc6 Ne6 36. a5 Qe5 37. a6 Nd4 38. Rd6 Nf5 39. Qg5 Qg7 40. Rd1 e3 41. fxe3 Nxe3 42. Rb1 Nf5 43. Bxh5 Qd4+ 44. Kh1 1-0

[Event "Plunge op 40th"]
[Site "Plateliai"]
[Date "2020.07.17"]
[Round "7"]
[White "Bagdanskis, Dangis"]
[Black "Paulauskas, Andrius"]
[Result "1/2-1/2"]
[WhiteElo "1916"]
[BlackElo "1904"]
[PlyCount "50"]
[EventDate "2020.07.13"]
[EventType "swiss"]
[EventRounds "9"]
[EventCountry "LTU"]
[SourceTitle "CBM 197 Extra"]
[Source "ChessBase"]
[SourceDate "2020.09.30"]
[SourceVersion "1"]
[SourceVersionDate "2020.09.30"]
[SourceQuality "1"]

1. d4 Nf6 2. Nf3 g6 3. Bg5 Bg7 4. Nbd2 h6 5. Bh4 d6 6. c3 c6 7. e4 Be6 8. Bd3 Nh5 9. Bg3 Nxg3 10. hxg3 Bg4 11. Qc2 e5 12. dxe5 dxe5 13. Nc4 Qe7 14. Ne3 Be6 15. Bc4 Nd7 16. Nd2 Bxc4 17. Ndxc4 b5 18. Na5 Rc8 19. Rd1 0-0 20. 0-0 Rfd8 21. Nb7 Rf8 22. b4 Rc7 23. Nd6 Rd8 24. c4 Nf8 25. c5 Ne6 1/2-1/2

[Event "EU-ch Online U2300 Qual"]
[Site "Chess.com INT"]
[Date "2020.05.25"]
[Round "5"]
[White "Green, Andrew"]
[Black "Paulauskas, Andrius"]
[Result "1-0"]
[WhiteElo "2154"]
[BlackElo "1904"]
[PlyCount "81"]
[EventDate "2020.05.25"]
[EventType "swiss"]
[EventRounds "8"]
[EventCountry "NET"]
[SourceTitle "EXT 2021"]
[Source "ChessBase"]
[SourceDate "2020.10.23"]
[SourceVersion "1"]
[SourceVersionDate "2020.10.23"]
[SourceQuality "1"]

1. e4 e6 2. Nf3 d5 3. Nc3 Nf6 4. e5 Nfd7 5. d4 c5 6. dxc5 Nc6 7. Bf4 Nxc5 8. a3 a5 9. Be2 Ne4 10. Nxe4 dxe4 11. Qxd8+ Nxd8 12. Nd2 f5 13. exf6 gxf6 14. Nxe4 Bg7 15. Bh5+ Ke7 16. Bd6+ Kd7 17. 0-0-0 Kc6 18. Be7 f5 19. Nf6 e5 20. Bxd8 Rxd8 21. Rxd8 Bxf6 22. Rf8 Be7 23. Rh8 Bf6 24. Rg8 e4 25. Rd1 b5 26. Bf7 Ra7 27. Rxc8+ Kb6 28. Be6 b4 29. a4 Re7 30. Bxf5 e3 31. fxe3 Rxe3 32. Rd6+ Kb7 33. Rxf6 Re2 34. Rf7+ Kb6 35. Rb8+ Kc5 36. Rb5+ Kd4 37. Rd7+ Ke3 38. Re5+ Kf2 39. Rxe2+ Kg1 40. g4 b3 41. Rd1# 1-0

[Event "EU-ch Online U2300 Qual"]
[Site "Chess.com INT"]
[Date "2020.05.25"]
[Round "2"]
[White "Paulauskas, Andrius"]
[Black "Josse, Mark"]
[Result "0-1"]
[WhiteElo "1904"]
[BlackElo "2235"]
[PlyCount "88"]
[EventDate "2020.05.25"]
[EventType "swiss"]
[EventRounds "8"]
[EventCountry "NET"]
[SourceTitle "EXT 2021"]
[Source "ChessBase"]
[SourceDate "2020.10.23"]
[SourceVersion "1"]
[SourceVersionDate "2020.10.23"]
[SourceQuality "1"]

1. g4 d5 2. Bg2 c6 3. h3 e5 4. d4 exd4 5. Qxd4 Nf6 6. c4 dxc4 7. Qxd8+ Kxd8 8. Na3 Be6 9. Bg5 Be7 10. 0-0-0+ Kc8 11. Nf3 h6 12. Bh4 c3 13. Nd4 Bxa2 14. Nf5 Bf8 15. Bxf6 gxf6 16. Kc2 cxb2 17. Kxb2 Be6 18. f4 Nd7 19. Nd6+ Bxd6 20. Rxd6 Nb6 21. Rc1 Rd8 22. Rxd8+ Kxd8 23. Rd1+ Kc7 24. e4 Rd8 25. Rxd8 Kxd8 26. Kc3 Ke7 27. f5 Ba2 28. Nc2 Bc4 29. Ne3 Bb5 30. Kd4 Kd6 31. Nd1 c5+ 32. Ke3 Ke5 33. Nf2 a5 34. g5 fxg5 35. Ng4+ Kd6 36. e5+ Ke7 37. Nxh6 Nc4+ 38. Kf2 b6 39. Ng4 a4 40. Bd5 a3 41. f6+ Kf8 42. Bxc4 Bxc4 43. Ne3 Be6 44. Ke2 Bxh3 0-1

[Event "LTU-chT Rapid"]
[Site "Panevezys"]
[Date "2019.11.23"]
[Round "4.5"]
[White "Paulauskas, Andrius"]
[Black "Tvarijonas, Tomas"]
[Result "0-1"]
[WhiteElo "2080"]
[BlackElo "2198"]
[PlyCount "130"]
[EventDate "2019.11.23"]
[EventType "team-swiss (rapid)"]
[EventRounds "8"]
[EventCountry "LTU"]
[SourceTitle "EXT 2023"]
[Source "ChessBase"]
[SourceDate "2022.10.05"]
[SourceVersion "1"]
[SourceVersionDate "2022.10.05"]
[SourceQuality "1"]

1. e4 c5 2. Ne2 g6 3. g3 Bg7 4. Bg2 Nc6 5. 0-0 d6 6. d3 e6 7. c3 Nge7 8. f4 0-0 9. h4 h5 10. Be3 b6 11. d4 cxd4 12. Nxd4 Nxd4 13. Bxd4 e5 14. Bf2 Bg4 15. Qd3 Qd7 16. Nd2 Rad8 17. Nf3 exf4 18. gxf4 d5 19. e5 Bf5 20. Qd2 Be4 21. Nh2 Nf5 22. Rfe1 Bxg2 23. Kxg2 Qc6 24. Nf3 Bh6 25. Nd4 Nxd4 26. Qxd4 Qe6 27. Bg3 Qg4 28. Qd1 Qf5 29. Qb1 d4 30. Qxf5 gxf5 31. Rad1 dxc3 32. bxc3 Rc8 33. Rd6 Kh7 34. Re3 Rc4 35. Kf3 Rg8 36. Rf6 Rxg3+ 37. Kxg3 Bxf4+ 38. Kf3 Bxe3 39. Kxe3 Re4+ 40. Kf3 Kg7 41. Rxf5 Rxh4 42. Kg3 Rg4+ 43. Kf3 Rh4 44. Kg3 Rh1 45. Rf2 Rc1 46. Rf3 Rc2 47. a4 Re2 48. Kf4 Ra2 49. Kg5 Rxa4 50. Re3 h4 51. e6 fxe6 52. Rxe6 Kf7 53. Rh6 Ke7 54. Rh7+ Kd6 55. c4 a5 56. Rxh4 Kc5 57. Kf5 Rxc4 58. Rh8 a4 59. Ke5 Kb4 60. Kd5 b5 61. Rb8 a3 62. Rb7 a2 63. Ra7 Kb3 64. Ra5 Ra4 65. Rxb5+ Kc2 0-1

[Event "LTU-ch Rapid op"]
[Site "Taujenai"]
[Date "2019.10.19"]
[Round "6.10"]
[White "Vasiliauskas, Domas"]
[Black "Paulauskas, Andrius"]
[Result "1-0"]
[WhiteElo "1817"]
[BlackElo "2095"]
[PlyCount "147"]
[EventDate "2019.10.19"]
[EventType "swiss (rapid)"]
[EventRounds "11"]
[EventCountry "LTU"]
[SourceTitle "EXT 2023"]
[Source "ChessBase"]
[SourceDate "2022.10.05"]
[SourceVersion "1"]
[SourceVersionDate "2022.10.05"]
[SourceQuality "1"]

1. g3 d5 2. Bg2 c6 3. c4 e6 4. Nc3 Bd6 5. cxd5 exd5 6. d3 Ne7 7. Nf3 0-0 8. 0-0 b5 9. e4 b4 10. Ne2 a5 11. e5 Bc7 12. Be3 Nd7 13. d4 Ba6 14. Re1 Re8 15. Rc1 Nf8 16. Nf4 Nfg6 17. Qd2 Bc4 18. b3 Bb5 19. e6 f6 20. h4 Nxf4 21. Bxf4 Bxf4 22. Qxf4 Ng6 23. Qf5 Qd6 24. Bh3 Nf8 25. Re3 Ra7 26. Rce1 Rae7 27. h5 Ba6 28. h6 Bc8 29. hxg7 Kxg7 30. Qg4+ Kh8 31. Qh4 Kg7 32. Qg4+ Ng6 33. Nh4 Bxe6 34. Rxe6 Rxe6 35. Nf5+ Kh8 36. Nxd6 Rxe1+ 37. Kg2 Rg8 38. Kh2 Re7 39. Qf3 Rf8 40. Bf5 Kg7 41. Bd3 Rd7 42. Nf5+ Kh8 43. Qe2 Rc7 44. Qe6 Rff7 45. Nh6 Rf8 46. Ng4 f5 47. Nh6 Re7 48. Qd6 Ree8 49. Nxf5 Rf7 50. Kg2 Ref8 51. f4 Rxf5 52. Bxf5 Rxf5 53. Qxc6 Rf7 54. Qxd5 Rxf4 55. Qd8+ Rf8 56. Qxa5 Rc8 57. Qxb4 Rc2+ 58. Kf3 Rxa2 59. d5 Ra8 60. Qd4+ Kg8 61. d6 Rd8 62. b4 Kf7 63. Qc4+ Kf6 64. Qd4+ Ke6 65. b5 Rxd6 66. Qc4+ Kf6 67. Qc5 Ne5+ 68. Kg2 Rd2+ 69. Kh3 Rd7 70. b6 Ke6 71. Qc8 Kf6 72. b7 Rxb7 73. Qxb7 Ng6 74. Qxh7 1-0

[Event "Klaipeda Sea rapid op 16th"]
[Site "Klaipeda"]
[Date "2019.07.27"]
[Round "4"]
[White "Pocius, Vaclovas"]
[Black "Paulauskas, Andrius"]
[Result "0-1"]
[WhiteElo "1733"]
[BlackElo "1864"]
[PlyCount "48"]
[EventDate "2019.07.27"]
[EventType "swiss (rapid)"]
[EventRounds "7"]
[EventCountry "LTU"]
[SourceTitle "CBM 191 Extra"]
[Source "ChessBase"]
[SourceDate "2019.09.30"]
[SourceVersion "1"]
[SourceVersionDate "2019.09.30"]
[SourceQuality "1"]

1. d4 d5 2. Nc3 c6 3. e4 dxe4 4. Nxe4 Nf6 5. Nxf6+ exf6 6. Bc4 Be7 7. Ne2 0-0 8. 0-0 b5 9. Bb3 a5 10. a4 Nd7 11. Bf4 Nb6 12. Re1 Bd6 13. Qd2 Bxf4 14. Nxf4 Qd6 15. c3 Bf5 16. Re2 h6 17. Rae1 bxa4 18. Bc2 Bxc2 19. Qxc2 Qxf4 20. Re7 Nd5 21. Rd7 Rfe8 22. Qd1 a3 23. c4 Rxe1+ 24. Qxe1 axb2 0-1

[Event "LTU-chT"]
[Site "Lithuania"]
[Date "2019.04.28"]
[Round "7.1"]
[White "Paulauskas, Andrius"]
[Black "Vedrickas, Tautvydas"]
[Result "0-1"]
[WhiteElo "1867"]
[BlackElo "2390"]
[PlyCount "52"]
[EventDate "2019.01.26"]
[EventType "team-swiss"]
[EventRounds "7"]
[EventCountry "LTU"]
[SourceTitle "CBM 190 Extra"]
[Source "ChessBase"]
[SourceDate "2019.07.15"]
[SourceVersion "1"]
[SourceVersionDate "2019.07.15"]
[SourceQuality "1"]
[WhiteTeam "Vilnius Tauras"]
[BlackTeam "Vilnius MRU"]
[WhiteTeamCountry "LTU"]
[BlackTeamCountry "LTU"]

1. e4 g6 2. Bc4 Bg7 3. Qf3 e6 4. Ne2 Nc6 5. 0-0 Nge7 6. Bb3 0-0 7. c3 d5 8. exd5 Ne5 9. Qe4 exd5 10. Qc2 Bf5 11. Qd1 Bd3 12. Re1 c5 13. Bc2 d4 14. cxd4 cxd4 15. Nf4 Bxc2 16. Qxc2 d3 17. Qb3 Qd4 18. Nh3 N7c6 19. Na3 Rae8 20. Re3 Qg4 21. Kh1 Qe2 22. Rxe2 dxe2 23. Nc2 Nd4 24. Nf4 Ng4 25. Nd3 Nxb3 26. axb3 Nxf2+ 0-1

[Event "LTU-chT"]
[Site "Lithuania"]
[Date "2019.03.30"]
[Round "3.2"]
[White "Paulauskas, Andrius"]
[Black "Zebelis, Rimantas"]
[Result "1-0"]
[WhiteElo "1867"]
[BlackElo "1726"]
[PlyCount "215"]
[EventDate "2019.01.26"]
[EventType "team-swiss"]
[EventRounds "7"]
[EventCountry "LTU"]
[SourceTitle "CBM 189 Extra"]
[Source "ChessBase"]
[SourceDate "2019.06.03"]
[SourceVersion "1"]
[SourceVersionDate "2019.06.03"]
[SourceQuality "1"]
[WhiteTeam "Vilnius Tauras"]
[BlackTeam "Kaunas Margiris III"]
[WhiteTeamCountry "LTU"]
[BlackTeamCountry "LTU"]

1. e4 g6 2. d4 d6 3. Nf3 Bg7 4. Bc4 e6 5. 0-0 Ne7 6. c3 Nd7 7. Bg5 h6 8. Bh4 g5 9. Bg3 Ng6 10. Qd2 a6 11. Qe3 b5 12. Bb3 Qe7 13. e5 dxe5 14. Nxe5 Ngxe5 15. Bxe5 Bxe5 16. dxe5 Bb7 17. Nd2 Qc5 18. Rfe1 Qxe3 19. Rxe3 Rd8 20. Nf1 Nc5 21. Ng3 Ke7 22. Re2 Rd7 23. Bc2 Rhd8 24. Nf1 Rd5 25. Rae1 Nd3 26. Bxd3 Rxd3 27. Ne3 h5 28. f3 Bd5 29. Nxd5+ R8xd5 30. Kf2 c5 31. Re3 Rd2+ 32. R1e2 Rd1 33. Kg3 Rd8 34. Re4 R1d2 35. a3 Rxe2 36. Rxe2 f5 37. exf6+ Kxf6 38. h4 Rd5 39. hxg5+ Rxg5+ 40. Kh4 Rd5 41. g3 c4 42. f4 a5 43. a4 b4 44. Re4 Rd2 45. Kxh5 Rxb2 46. Rxc4 b3 47. Rc5 Rc2 48. Rxa5 Rxc3 49. Kg4 Rc4 50. Rb5 Rxa4 51. Rxb3 Ra6 52. Rb5 Ra1 53. Rb8 Ra5 54. Rf8+ Kg6 55. Rg8+ Kf6 56. Rh8 Kg6 57. Kf3 Kg7 58. Rh1 Ra3+ 59. Kg4 Kg6 60. Re1 Kf6 61. Re5 Ra4 62. Kf3 Ra3+ 63. Re3 Ra1 64. Rd3 Ra6 65. Ke4 Ra4+ 66. Rd4 Ra1 67. g4 Re1+ 68. Kf3 Ra1 69. Rd6 Ke7 70. Rb6 Ra3+ 71. Kg2 Rc3 72. Rb7+ Kf6 73. g5+ Kg6 74. Re7 Re3 75. Kf2 Re4 76. Kf3 Re1 77. Kg4 Rg1+ 78. Kf3 Re1 79. Re8 Kf7 80. Rh8 Rf1+ 81. Ke4 Re1+ 82. Kd3 Rf1 83. Rh7+ Kg6 84. Rh6+ Kf7 85. Rf6+ Ke7 86. Ke2 Ra1 87. Kf3 Rg1 88. Kf2 Ra1 89. Kg3 Rg1+ 90. Kh4 Rh1+ 91. Kg4 Rh2 92. Rh6 Rg2+ 93. Kf3 Rg1 94. Rh7+ Kf8 95. Kf2 Rg4 96. Kf3 Rg1 97. Ra7 Ke8 98. Ke4 Re1+ 99. Kd4 Kf8 100. Rb7 e5+ 101. fxe5 Rg1 102. Kd5 Rxg5 103. Kd6 Rg1 104. Rb8+ Kf7 105. e6+ Kg7 106. e7 Rd1+ 107. Kc5 Rc1+ 108. Kd4 1-0

[Event "LTU-ch"]
[Site "Vilnius"]
[Date "2019.03.21"]
[Round "9"]
[White "Paulauskas, Andrius"]
[Black "Posaskov, Nikita"]
[Result "1/2-1/2"]
[WhiteElo "1867"]
[BlackElo "1504"]
[PlyCount "39"]
[EventDate "2019.03.15"]
[EventType "swiss"]
[EventRounds "9"]
[EventCountry "LTU"]
[SourceTitle "EXT 2020"]
[Source "ChessBase"]
[SourceDate "2019.10.17"]
[SourceVersion "1"]
[SourceVersionDate "2019.10.17"]
[SourceQuality "1"]

1. d4 Nf6 2. Nf3 g6 3. Bf4 Bg7 4. c3 0-0 5. Nbd2 d5 6. h3 b6 7. e3 Bb7 8. Bd3 Nbd7 9. Ne5 c5 10. Bh2 Ne4 11. Nxd7 Qxd7 12. Nxe4 dxe4 13. Bc2 cxd4 14. cxd4 Qb5 15. Bb3 e5 16. d5 Rfd8 17. Qe2 Qb4+ 18. Qd2 Qxd2+ 19. Kxd2 Bxd5 20. Bxd5 1/2-1/2

[Event "LTU-ch"]
[Site "Vilnius"]
[Date "2019.03.16"]
[Round "2"]
[White "Mickevicius, Juras"]
[Black "Paulauskas, Andrius"]
[Result "1-0"]
[WhiteElo "2273"]
[BlackElo "1867"]
[PlyCount "107"]
[EventDate "2019.03.15"]
[EventType "swiss"]
[EventRounds "9"]
[EventCountry "LTU"]
[SourceTitle "CBM 189 Extra"]
[Source "ChessBase"]
[SourceDate "2019.06.03"]
[SourceVersion "1"]
[SourceVersionDate "2019.06.03"]
[SourceQuality "1"]

1. d4 Nf6 2. c4 g6 3. g3 Bg7 4. Bg2 0-0 5. Nf3 d6 6. Nc3 Nbd7 7. 0-0 e5 8. e4 a6 9. Qc2 c6 10. Rd1 Qc7 11. h3 b5 12. a3 Bb7 13. dxe5 dxe5 14. Be3 Rac8 15. c5 Rfd8 16. b4 Nf8 17. Nd2 Ne6 18. Nb3 Rxd1+ 19. Rxd1 Rd8 20. Rxd8+ Nxd8 21. Ne2 Bc8 22. Nd2 Ne8 23. f4 f5 24. fxe5 Bxe5 25. Bf4 Be6 26. Nf3 Bxf4 27. Nxf4 Ng7 28. Nxe6 Ndxe6 29. exf5 gxf5 30. Qf2 f4 31. Qe1 fxg3 32. Qe5 Qd8 33. Qxg3 Nd4 34. Nxd4 Qxd4+ 35. Kh2 a5 36. Qb8+ Kf7 37. Qc7+ Kf8 38. bxa5 Ne8 39. Qb8 Qxc5 40. a6 Ke7 41. a7 Nd6 42. Qc7+ Ke6 43. Qg7 Nf5 44. Qg8+ Kf6 45. Qd8+ Kg6 46. Qe8+ Kg5 47. h4+ Nxh4 48. Qd8+ Kh5 49. Qd1+ Kg5 50. a8Q Qe5+ 51. Kh1 Nf5 52. Qg8+ Kh6 53. Qc1+ Ne3 54. Qxc6+ 1-0

[Event "Vilnius Zavanelli Memorial op-B"]
[Site "Vilnius"]
[Date "2018.10.28"]
[Round "7"]
[White "Paulauskas, Andrius"]
[Black "Pidluznij, Gleb"]
[Result "0-1"]
[WhiteElo "1893"]
[BlackElo "1878"]
[PlyCount "78"]
[EventDate "2018.10.25"]
[EventType "swiss"]
[EventRounds "7"]
[EventCountry "LTU"]
[SourceTitle "EXT 2021"]
[Source "ChessBase"]
[SourceDate "2020.10.23"]
[SourceVersion "1"]
[SourceVersionDate "2020.10.23"]
[SourceQuality "1"]

1. g4 d5 2. Bg2 c6 3. h3 e5 4. d4 e4 5. c4 Ne7 6. Nc3 Be6 7. cxd5 cxd5 8. Qb3 Nbc6 9. Bf4 Ng6 10. Bg3 Nxd4 11. Qa4+ Nc6 12. Rd1 Qg5 13. Qb5 Bb4 14. Qxb7 Rc8 15. f4 Bxc3+ 16. bxc3 Nxf4 17. Bxf4 Qxf4 18. Rxd5 Qg3+ 19. Kf1 e3 20. Rf5 Bxf5 21. Bxc6+ Kd8 22. Rh2 Qxh2 23. Bg2 Qf4+ 24. Nf3 Qg3 25. Qd5+ Ke8 26. Kg1 Be6 27. Qb5+ Bd7 28. Qb4 Qc7 29. Qe4+ Be6 30. Ng5 Qc4 31. Qb7 Qc7 32. Qb5+ Kf8 33. Qb4+ Qe7 34. Qf4 h6 35. Ne4 Kg8 36. Qe5 Qc7 37. Qd4 Kh7 38. g5 Rhd8 39. Qxe3 Qb6 0-1